000 00480nam a2200169Ia 4500
003 GCL
008 140319s9999 xx 000 0 ara d
040 _aGCL /
_cGCL
082 0 4 _a791.437
_bع ت
100 1 _aعلى شلش
245 1 0 _aتعريف النقد السينمائى /
_cعلى شلش
300 _a131 ص
490 _aالهيئة العامة للاستعلامات
_v0
650 0 4 _aالسينما
650 0 4 _aالنقد السينمائى
942 _2ddc
_cBK
999 _c47391
_d47391